| 000 | 01647nam0a2200361 4500 | ||
|---|---|---|---|
| 001 | RU\NLR\bibl\95172 | ||
| 005 | 20260405170738.0 | ||
| 010 |
_a5-7526-0061-8 _950 |
||
| 021 |
_aRU _b2000-11153 _9554 |
||
| 035 | _a(NLR Aleph) 000093013 | ||
| 090 |
_a522507 _c522507 |
||
| 100 | _a20000630d1999 |||y0rusy50 ca | ||
| 101 | 0 | _arus | |
| 102 | _aRU | ||
| 105 | _aa ||||||||| | ||
| 200 | 1 |
_aТеория сложности _fЮ.С. Шарин, Б.А. Якимович, В.Г. Толмачев, А.И. Коршунов _gМ-во образования Рос. Федерации, Ижев. гос. техн. ун-т |
|
| 210 |
_aИжевск _cИзд-во ИжГТУ _d1999 |
||
| 215 |
_a129,[1] с., [3] л. ил. _cил. _d20 |
||
| 320 | _aБиблиогр.: с. 128 (13 назв.) | ||
| 606 | 0 |
_aМашиностроительная промышленность _xТрудоемкость _91616114 _3RU\NLR\auth\66712637 |
|
| 686 | _aУ30(2)585.1-641.2 | ||
| 686 | _aУ30(2)585.1-571.1 | ||
| 701 | 1 |
_aШарин _bЮ. С. _gЮрий Сергеевич _4070 |
|
| 701 | 1 |
_4070 _8rus _7ca _aЯкимович _bБ. А. _f1952- _gБорис Анатольевич _3RU\NLR\auth\7772452 _955380 |
|
| 701 | 1 |
_aТолмачев _bВ. Г. _gВиктор Григорьевич _4070 |
|
| 701 | 1 |
_4070 _8rus _7ca _aКоршунов _bА. И. _cд-р техн. наук, машиностроение _gАлександр Иванович _3RU\NLR\auth\7772484 _955412 |
|
| 801 | 0 |
_aRU _bNLR _c20000630 _gPSBO |
|
| 801 | 1 |
_aRU _bNLR _c20000630 |
|
| 830 | _aАвт. по кн. | ||
| 852 |
_aNLR _j2000-3/5407 |
||
| 942 | _cBOOK | ||
| 980 | _aNB | ||